| 000 | 00612 a2200229 4500 | ||
|---|---|---|---|
| 999 |
_c533881 _d533881 |
||
| 003 | NUST | ||
| 005 | 20200123112553.0 | ||
| 008 | 200123b ||||| |||| 00| 0 eng d | ||
| 020 | _a0-14-062211-X | ||
| 038 | _aMSOHAIL | ||
| 040 |
_aDLC _bDLC |
||
| 082 | _a823.8 | ||
| 082 | _a823.8 | ||
| 100 | 1 |
_aHardy, Thomas, _927910 |
|
| 245 | 0 | 4 |
_aThe trumpet-major _cHardy, Thomas |
| 260 |
_aLondon : _bPenguin, _c1997 |
||
| 300 |
_a304 s. ; _c18 cm |
||
| 440 | 0 |
_aPenguin popular classics _927911 |
|
| 500 | _aOriginalupplaga 1882 | ||
| 650 | 7 |
_aEnglish fiction _y19th century _927912 |
|
| 942 |
_cBK _k823.8 HAR _2ddc |
||